Najdłuższe rzeki w Europie - Statystyki

Ogólne statystyki
  • Ten quiz został rozwiązany 66 razy
  • Średni wynik to 4 z 10
Statystyki odpowiedzi
Długość Rzeka % Poprawnych
2850 Dunaj
98%
3688 Wołga
95%
2285 Dniestr
56%
1970 Don
46%
2534 Ural
37%
1480 Oka
25%
2030 Kama
21%
1809 Peczora
18%
1420 Biełaja
2%
1803 Dwina‑Wyczegda
0%
Nie znaleziono quizów pasujących do podanych kryteriów
Rozkład punktacji
Procent ludzi z każdym wynikiem
Percentyl według liczby udzielonych odpowiedzi
Twoja historia wyników
Nie rozwiązałeś tego quizu